1843 1134 1253 1400 1182 1931 1784 1906 1919 1596 1535 1719 1199 1339 1027 1968 1236 1191 1874 1068 1079 1149 1310 1394 1612 1261 1630 1784 1306 1005 1930 1205 1074 1656 1989 1003 1723 1930 1206 1261 1314 1966 1502 1774 1872 1142 1752 1968 1744 1775 1348 1800 1931 1104 1053 1956 1889 1312 1670 1198 1866 1343 1689 1444 1935 1165 1996 1355 1694 1062 1826 1115 1939 1104 1514 1150 1645 1998 1804 1766 1660 1022 1896 1582 1838 1337 1663 1377 1880 1209 1785 1774 1853 1763 1212 1396 1460 1527 1796 BCNSPRNW ULIB Ver.6.0+V

เปลี่ยนเป็นภาษาไทย

Change to English
 แสดงรายละเอียดบรรณานุกรม
  กลับหน้าหลัก

Brief Record : Get Marc (ISO 2709) : E-mail record : QR code < ปิดหน้าต่าง
LEADER : 00000nam 2200000uu 4500
001    13399121847
003     ULIB
008    121212s2548||||th 000 0 tha d
020    ^a9749664434
060 04 ^aWO100^bป467ศ ล.12
245 00 ^aศัลยศาสตร์อุบัติเหตุ 12 การดูแลรักษาผู้ป่วยอุบัติเหตุ ชั่วโมงแรกที่ห้องฉุกเฉิน /^cบรรณาธิการ, ปรีชา ศิริทองถาวร, เรวัต ชุณหสุวรรณกุล, อนันต์ ตัณมุขยกุล
246 30 ^aการดูแลรักษาผู้ป่วยอุบัติเหตุ ณ ห้องฉุกเฉิน
250    ^aพิมพ์ครั้งที่ 3
260    ^aกรุงเทพฯ :^bสมาคมแพทย์อุบัติเหตุแห่งประเทศไทย,^c2548
300    ^a177 หน้า :^bภาพประกอบ ;^c21 ซม.
650  7 ^aบาดเจ็บศีรษะ
650  7 ^aผู้ป่วย
650  7 ^aแผลไหม้
650  7 ^aศัลยศาสตร์
650  7 ^aห้องฉุกเฉิน^xโรงพยาบาล
650  7 ^aอุบัติเหตุ
700 0  ^aปรีชา ศิริทองถาวร,^eบรรณาธิการ
700 0  ^aเรวัต ชุณหสุวรรณกุล,^eบรรณาธิการ
700 0  ^aอนันต์ ตัณมุขยกุล,^eบรรณาธิการ
710 2  ^aสมาคมแพทย์อุบัติเหตุแห่งประเทศไทย
945    ^p300^l0^i14272
945    ^p300^l0^i14333
995    ^aทศพร
999    ^aทศพร เกษรทอง
รายการนี้ยังไม่มีแท็ก
คุณยังไม่ได้ล็อกอิน คุณสามารถมีกิจกรรมร่วมกับเว็บไซต์ได้ แต่ต้องล็อกอินก่อน ::
  ล็อกอิน

รายการสื่อสารสนเทศ

ลำดับที่ ประเภท เลขเรียก/บาร์โค้ด สถานที่ สถานะ
1. วิทยาศาสตร์การแพทย์ และสุขภาพ
วิทยาศาสตร์การแพทย์ และสุขภาพ
WO100 ป467ศ ล.12 ฉ.1 
  Barcode: 14272
ห้องสมุดวิทยาเขตสวรรค์ประชารักษ์
►หนังสือทั่วไป
บนชั้น
2. วิทยาศาสตร์การแพทย์ และสุขภาพ
วิทยาศาสตร์การแพทย์ และสุขภาพ
WO100 ป467ศ ล.12 ฉ.2 
  Barcode: 14333
ห้องสมุดวิทยาเขตสวรรค์ประชารักษ์
►หนังสือทั่วไป
บนชั้น

รายการใกล้เคียง
    หัวเรื่อง [บาดเจ็บศีรษะ]
    หัวเรื่อง [ผู้ป่วย]
    หัวเรื่อง [แผลไหม้]
    หัวเรื่อง [ศัลยศาสตร์]
    หัวเรื่อง [อุบัติเหตุ]

BibComment


ยังไม่เคยถูกคอมเมนท์

คอมเมนท์ทรัพยากรรายการนี้
  คอมเมนท์: ศัลยศาสตร์อุบัติ..


 Copyright 2026. Bcnsprnw @Library